| Tag |
First Indicator |
Second Indicator |
Subfields |
| LEADER |
00000nam a2200000Ia 4500 |
| 001 |
in00004244653 |
| 005 |
20200807092959.0 |
| 006 |
m g d |
| 007 |
cr bn |||a|bb| |
| 008 |
850319s1675 enka o 00| | eng d |
| 035 |
|
|
|a (OCoLC)11825156
|
| 040 |
|
|
|d m/c
|d EAA
|d UMI
|d WaOLN
|
| 037 |
|
|
|a CL0037000025
|b ProQuest Information and Learning. 300 N. Zeeb Rd., Ann Arbor, MI 48106
|
| 041 |
1 |
|
|a eng
|h fre
|
| 043 |
|
|
|a e-uk---
|a e-fr---
|
| 090 |
|
|
|a SB453.F7
|b R3 1675
|
| 049 |
|
|
|a UMIA
|
| 100 |
1 |
|
|a Bonnefons, Nicolas de.
|
| 240 |
1 |
0 |
|a Jardinier françois.
|l English
|
| 245 |
1 |
4 |
|a The French gardiner :
|b instructing how to cultivate all sorts of fruit-trees and herbs for the garden : together with directions to dry, and conserve them in their natural /
|c an accomplished piece written originally in French and now transplanted into English by John Evelyn, Esq ; whereunto is annexed, The English vineyard vindicated by John Rose, ... ; with a tract of the making and ordering of wines in France.
|
| 250 |
|
|
|a The third edition illustrated with sculptures.
|
| 260 |
|
|
|a London :
|b Printed by T.R. and New Testament for B. Tooke, and are to be sold at his shop ...,
|c 1675.
|
| 300 |
|
|
|a 1 online resource ([10], 294, 48, [16] pages :
|b illustrations.
|
| 336 |
|
|
|a text
|b txt
|2 rdacontent
|
| 337 |
|
|
|a computer
|b c
|2 rdamedia
|
| 338 |
|
|
|a online resource
|b cr
|2 rdacarrier
|
| 500 |
|
|
|a Written by R.D.C.D.W.B.D.N., which stand for (in reverse) Nicholas de Bonnefons, valet de Chambre du Roi. Cf. NUC pre-1956.
|
| 500 |
|
|
|a "The English vineyard vindicated," by John Rose has separate t.p. and separate paging.
|
| 500 |
|
|
|a Reproduction of original in Huntington Library.
|
| 510 |
4 |
|
|a Wing (2nd edition)
|c B3602
|
| 533 |
|
|
|a Electronic reproduction.
|b Ann Arbor, Mich. :
|c UMI,
|d 1999-
|f (Early English books online)
|n Digital version of: (Early English books, 1641-1700 ; 809:29)
|7 s1999 miun s
|
| 650 |
|
0 |
|a Gardens
|z France
|v Early works to 1800.
|
| 650 |
|
0 |
|a Fruit-culture
|v Early works to 1800.
|
| 650 |
|
0 |
|a Viticulture
|z England
|v Early works to 1800.
|
| 650 |
|
0 |
|a Viticulture
|z France
|v Early works to 1800.
|
| 650 |
|
0 |
|a Viticulture
|v Early works to 1800.
|
| 700 |
1 |
|
|a Evelyn, John,
|d 1620-1706.
|
| 700 |
1 |
2 |
|a Rose, John,
|c gardener.
|t English vineyard vindicated.
|
| 740 |
0 |
|
|a English vineyard vindicated.
|
| 830 |
|
0 |
|a Early English books online.
|
| 856 |
4 |
0 |
|u http://proxy.library.tamu.edu/login?url=https://search.proquest.com/docview/2248502208
|z Connect to the full text of this electronic book
|t 0
|
| 999 |
f |
f |
|s 48d4bcf7-7ea5-3ca0-a70a-a979b22a9db7
|i 05295f1a-bd16-3d74-87b8-8d7b8bdb6867
|t 0
|
| 952 |
f |
f |
|a Texas A&M University
|b College Station
|c Electronic Resources
|d Available Online
|t 0
|e SB453.F7 R3 1675
|h Library of Congress classification
|
| 998 |
f |
f |
|a SB453.F7 R3 1675
|t 0
|l Available Online
|